Washington law review

Bibliographic Details
Corporate Author: University of Washington. School of Law
Format: Microfilm
Language:English
Published: Seattle, Wash. : School of Law, University of Washington
Subjects:
Online Access:Acceso restringido

MARC

LEADER 00000ny a22000003n 4500
005 2011051206536.0
007 hd afb---baca
008 851111d19661967wauqr p a g 0 0eng d
010 |a sf 98093243 
022 0 |a 0043-0617 
035 |a 4061 
040 |a DGU-L  |c DGU-L  |d vLex 
090 |c 1812  |d 1812 
245 0 0 |a Washington law review  |h [Recurso electrn̤ico] 
256 |a Servicio en ln̕ea 
260 |a Seattle, Wash. :  |b School of Law, University of Washington 
310 |a Trimestral 
506 1 |a Contenido solo disponible en los productos indicados  |d vLex Global  |d vLex Global (Academic Edition, excluding Law Schools)  |d vLex Global (U.S. Academic Edition, excluding Law Schools) 
650 0 4 |a Derecho  |z Estados Unidos  |x Publicaciones perid̤icas 
710 2 |a University of Washington.  |b School of Law 
740 |a vLex Revista (Servicios en ln̕ea) 
843 |a Electrn̤ica. Abierta 
853 |8 1  |i (year)  |j (month)  |k (day) 
856 4 0 |u http://vlex.com/source/4061  |z Acceso restringido 
942 |c REV 
999 0 |a Law  |z Washington (State)  |v Periodicals.